Fenster im Papier : die imaginäre Kollision der Architektur mit der Schrift oder die Gedächtnisrevolution der Renaissance

Saved in:
Bibliographic Details
Main Author: Samsonow, Elisabeth von (Author)
Document Type: Book
Language:German
Published: München : Fink , 2001
Subjects:
Online Access:Inhaltsverzeichnis
Rezension
Rezension
Inhaltsverzeichnis
Related Items:Erscheint auch als: Fenster im Papier
Elektronische Reproduktion: Fenster im Papier
Rezensiert in: [Rezension von: Elisabeth von Samsonow, Fenster im Papier]
Author Notes:Elisabeth von Samsonow
LEADER 05595cam a2201177 c 4500
001 325325316
003 DE-627
005 20260223170252.0
007 tu
008 010221s2001 gw ||||| 00| ||ger c
015 |a 01,N35,0069  |2 dnb 
015 |a 02,A41,0362  |2 dnb 
016 7 |a 962100455  |2 DE-101 
020 |a 377053574X  |9 3-7705-3574-X 
035 |a (DE-627)325325316 
035 |a (DE-603)099824973 
035 |a (DE-576)089280628 
035 |a (DE-599)GBV325325316 
035 |a (OCoLC)248148749 
035 |a (OCoLC)248148749 
035 |a (OCoLC)49197327 
040 |a DE-627  |b ger  |c DE-627  |e rakwb 
041 |a ger 
044 |c XA-DE 
050 0 |a BF381 
084 |a 10  |a 11  |a 02  |a 45  |2 sdnb 
084 |a 9,10  |2 ssgn 
084 |a IB 5050  |2 rvk  |0 (DE-625)rvk/54528: 
084 |a IB 1600  |2 rvk  |0 (DE-625)rvk/54495: 
084 |a 56.62  |2 bkl 
084 |a 08.42  |2 bkl 
084 |a 02.01  |2 bkl 
100 1 |a Samsonow, Elisabeth von  |d 1956-  |0 (DE-588)119399431  |0 (DE-627)080212425  |0 (DE-576)164103996  |4 aut 
245 1 0 |a Fenster im Papier  |b die imaginäre Kollision der Architektur mit der Schrift oder die Gedächtnisrevolution der Renaissance  |c Elisabeth von Samsonow 
264 1 |a München  |b Fink  |c 2001 
300 |a 273 S  |b Ill  |c 23 cm 
336 |a Text  |b txt  |2 rdacontent 
337 |a ohne Hilfsmittel zu benutzen  |b n  |2 rdamedia 
338 |a Band  |b nc  |2 rdacarrier 
505 8 |a Literaturverz. S. [256] - 273 
583 1 |a Archivierung/Langzeitarchivierung gewährleistet  |f SSG  |x XA-DE-BW  |2 pdager  |5 DE-16 
650 0 |a Mnemonics  |x History 
650 0 |a Memory  |x History 
650 0 |a Philosophy, Renaissance 
650 0 |a Mnemonics 
650 0 |a Emblems 
650 0 |a Art  |x Philosophy 
650 0 |a Memory 
650 0 7 |0 (DE-588)4049450-0  |0 (DE-627)104117257  |0 (DE-576)209082151  |a Renaissance  |2 gnd 
650 0 7 |0 (DE-588)4065352-3  |0 (DE-627)106119443  |0 (DE-576)209158085  |a Weltbild  |2 gnd 
650 0 7 |0 (DE-588)4112587-3  |0 (DE-627)105836109  |0 (DE-576)20946920X  |a Architekturtheorie  |2 gnd 
650 0 7 |0 (DE-588)4451062-7  |0 (DE-627)227152557  |0 (DE-576)21257325X  |a Transformation  |2 gnd 
689 0 0 |d s  |0 (DE-588)4053297-5  |0 (DE-627)104162376  |0 (DE-576)209103140  |a Schrift  |2 gnd 
689 0 1 |d s  |0 (DE-588)4019614-8  |0 (DE-627)106320807  |0 (DE-576)208930167  |a Gedächtnis  |2 gnd 
689 0 2 |d s  |0 (DE-588)4002851-3  |0 (DE-627)104280352  |0 (DE-576)208848975  |a Architektur  |2 gnd 
689 0 |5 DE-101 
689 1 0 |d s  |0 (DE-588)4183903-1  |0 (DE-627)105299251  |0 (DE-576)210021950  |a Subjekt  |g Philosophie  |2 gnd 
689 1 1 |d s  |0 (DE-588)4019614-8  |0 (DE-627)106320807  |0 (DE-576)208930167  |a Gedächtnis  |2 gnd 
689 1 2 |d s  |0 (DE-588)4072730-0  |0 (DE-627)104584807  |0 (DE-576)209188057  |a Imagination  |2 gnd 
689 1 |5 DE-101 
689 2 0 |d s  |0 (DE-588)4053297-5  |0 (DE-627)104162376  |0 (DE-576)209103140  |a Schrift  |2 gnd 
689 2 1 |d s  |0 (DE-588)4019614-8  |0 (DE-627)106320807  |0 (DE-576)208930167  |a Gedächtnis  |2 gnd 
689 2 2 |d s  |0 (DE-588)4002851-3  |0 (DE-627)104280352  |0 (DE-576)208848975  |a Architektur  |2 gnd 
689 2 |5 (DE-627) 
689 3 0 |d s  |0 (DE-588)4183903-1  |0 (DE-627)105299251  |0 (DE-576)210021950  |a Subjekt  |g Philosophie  |2 gnd 
689 3 1 |d s  |0 (DE-588)4019614-8  |0 (DE-627)106320807  |0 (DE-576)208930167  |a Gedächtnis  |2 gnd 
689 3 2 |d s  |0 (DE-588)4072730-0  |0 (DE-627)104584807  |0 (DE-576)209188057  |a Imagination  |2 gnd 
689 3 |5 (DE-627) 
776 0 8 |i Erscheint auch als  |n Online-Ausgabe  |a Samsonow, Elisabeth von, 1956 -   |t Fenster im Papier  |d München : Fink, 2001  |h 273 Seiten  |w (DE-627)1652437592  |w (DE-576)383344549  |z 377053574X 
776 0 8 |i Elektronische Reproduktion  |a Samsonow, Elisabeth von, 1956 -   |t Fenster im Papier  |d München : Fink, 2001  |h 273 Seiten  |w (DE-627)1652437592  |w (DE-576)383344549  |z 377053574X 
787 0 8 |i Rezensiert in  |a Mödersheim, Sabine, 1959 -   |t [Rezension von: Elisabeth von Samsonow, Fenster im Papier]  |d 2002  |w (DE-627)1920835393 
856 4 2 |u http://www.gbv.de/dms/bs/toc/325325316.pdf  |m V:DE-601  |m B:DE-84  |q pdf/application  |x Verlag  |y Inhaltsverzeichnis  |3 Inhaltsverzeichnis  |7 1 
856 4 2 |u https://swbplus.bsz-bw.de/bsz089280628rez.htm  |m V:DE-576  |v 2005-08-09  |3 Rezension  |7 1 
856 4 2 |u http://scans.hebis.de/HEBCGI/show.pl?09982497_rez.pdf  |m V:DE-576  |q application/pdf  |3 Rezension  |7 1 
856 4 2 |u http://scans.hebis.de/HEBCGI/show.pl?09982497_toc.pdf  |m V:DE-604  |q application/pdf  |3 Inhaltsverzeichnis  |7 1 
935 |i Blocktest 
936 r v |a IB 5050  |b Renaissance, Humanismus  |k Romanistik  |k Romanische Sprachen und Literaturen  |k Literaturgeschichte  |k Einzelne Epochen, Stile, Richtungen, Schulen  |k Renaissance, Humanismus  |0 (DE-627)127102165X  |0 (DE-625)rvk/54528:  |0 (DE-576)20102165X 
936 r v |a IB 1600  |b Beziehungen zu anderen Gebieten  |k Romanistik  |k Romanische Sprachen und Literaturen  |k Romanische Literaturen  |k Beziehungen zu anderen Gebieten  |0 (DE-627)1271020521  |0 (DE-625)rvk/54495:  |0 (DE-576)201020521 
936 b k |a 56.62  |j Architekturtheorie  |j Architekturentwicklung  |0 (DE-627)181570572 
936 b k |a 08.42  |j Kulturphilosophie  |0 (DE-627)106403036 
936 b k |a 02.01  |j Geschichte der Wissenschaft und Kultur  |0 (DE-627)106403168 
936 s n |a i100  |2 mzub 
936 s n |a c100  |2 mzub 
936 s n |a c200  |2 mzub 
936 s n |a a200  |2 mzub 
936 s n |a z210  |2 mzub 
951 |a BO 
990 |a Schrift 
990 |a Gedächtnis 
990 |a Architektur 
990 |a Subjekt 
990 |a Gedächtnis 
990 |a Imagination 
990 |a Schrift 
990 |a Gedächtnis 
990 |a Architektur 
990 |a Subjekt 
990 |a Gedächtnis 
990 |a Imagination 
991 |a Rezensiertes Werk 
999 |a KXP-PPN325325316  |e 4949244388